Účtovanie zákonného sociálneho a zdravotného poistenia v sústave jednoduchého účtovníctva v príkladoch – podnikateľ SZČO

Povinné poistenie od 1. júla 2020. Všeobecné účtovanie v  sústave jednoduchého účtovníctva. Účtovanie zákonného sociálneho poistenia a verejného zdravotného poistenia. Vzor Peňažného denníka, Knihy záväzkov, Pokladničnej knihy.

Saved in:
Bibliographic Details
Main Author: Pakšiová, Renáta, 1974-
Format: Book Chapter
Language:Slovak
Subjects:
Tags: Add Tag
No Tags, Be the first to tag this record!

MARC

LEADER 00000naa a2200000 4500
001 0267442
005 20240502074210.3
041 0 |a slo 
044 |a SK 
245 1 0 |a Účtovanie zákonného sociálneho a zdravotného poistenia v sústave jednoduchého účtovníctva v príkladoch – podnikateľ SZČO  |c Renáta Pakšiová 
520 |a Povinné poistenie od 1. júla 2020. Všeobecné účtovanie v  sústave jednoduchého účtovníctva. Účtovanie zákonného sociálneho poistenia a verejného zdravotného poistenia. Vzor Peňažného denníka, Knihy záväzkov, Pokladničnej knihy. 
610 2 0 |a poistenie 
610 2 0 |a účtovanie 
610 2 0 |a poistenie sociálne 
610 2 0 |a poistenie zdravotné 
610 2 0 |a podnikatelia 
100 1 |a Pakšiová, Renáta, 1974-